| 000 | 01158cam a2200229 4500 | ||
|---|---|---|---|
| 001 | ABS65563 | ||
| 008 | 020610n2002 000 0 eng u | ||
| 035 | _a(Sirsi) u118343 | ||
| 100 | _aHart, S | ||
| 245 | _aFor faster deals, get personal | ||
| 260 | _c2002 | ||
| 490 |
_aEstates Gazette _v(0218) 4 May 2002, 143(1) |
||
| 520 | _aArgues for conveyancers to challenge local authority practice to use postal searches which earn them revenue rather than using personal searches when requesting information on property for a client. Legislation allows a lawyer to use personal representation to search the local authority registers in order to relive pressure on lawyers to speed things up but in return the local authorities have restricted access to the registers. The Law Society has failed to support its members in improving personal access but the local authorities do need to improve their customer service. | ||
| 590 | _aABS | ||
| 650 | _aCONVEYANCING | ||
| 650 | _aCONVEYANCERS | ||
| 650 | _aLOCAL AUTHORITIES | ||
| 650 | _aLOCAL LAND CHARGES REGISTER | ||
| 650 | _aLAWYERS | ||
| 690 | _aPROPERTY AND LAND LAW-CONVEYANCING | ||
| 942 | _n0 | ||
| 999 |
_c70440 _d70440 |
||